Piłkarska kariera Oliviera Giroud. - Statystyki

Ogólne statystyki
  • Ten quiz został rozwiązany 80 razy
  • Średni wynik to 3 z 9
Statystyki odpowiedzi
Lata Drużyna % Poprawnych
2012-2018 Arsenal
93%
2021-teraz Milan
93%
2018-2021 Chelsea
89%
2010-2012 Montpellier
44%
2007-2008 Istres
7%
2008-2010 Tours
7%
2006-2007 Grenoble Foot
5%
2008-2008 Grenoble Foot
5%
2005-2006 Grenoble Foot B
5%
Nie znaleziono quizów pasujących do podanych kryteriów
Rozkład punktacji
Procent ludzi z każdym wynikiem
Percentyl według liczby udzielonych odpowiedzi
Twoja historia wyników
Nie rozwiązałeś tego quizu